000 00665nam a2200205Ii 4500
001 4766
003 CO-ViMGA
008 241108s9999||||xx |||||||||||||| ||und||
040 _aCO-ViMGA
_bspa
_erda
_cCO-ViMGA
041 0 _aunk
082 0 4 _a634.3 F293
110 1 _aFederación Nacional de Cafeteros de Colombia,
_920872
245 1 0 _aEl cultivo del maracuya
264 1 _a[Lugar de publicación no identificado] : La Federación, [Fecha de publicación no identificada]
300 _avolumen
336 _atext
_btxt
_2rdacontent
337 _aunmediated
_bn
_2rdamedia
338 _avolume
_bnc
_2rdacarrier
940 _aidficha_siabuc: 4645. -- ficha_no_siabuc:4766
999 _c55909
_d55909